| 000 | 00808cab a2200241 4500 | ||
|---|---|---|---|
| 001 | ABS42300 | ||
| 008 | 090401t1990 xxu||||| |||| 00| 0 eng d | ||
| 035 | _a(Sirsi) u36081 | ||
| 041 | _aeng | ||
| 100 | _aBurberry, P. | ||
| 245 | _aBuilding regulations : 1990 revisions : part L1 | ||
| 260 | _c1990 | ||
| 350 | _a0 | ||
| 490 |
_aArchitects` Journal _v191(9) 28 February 1990, 61-68(8) |
||
| 520 | _aExplains the recent changes to the building regulations for conservation of fuel and power and gives calculation procedures. Should be read in conjunction with Approved Document L . | ||
| 650 | _aENERGY CONSERVATION | ||
| 650 | _aTHERMAL BRIDGES | ||
| 650 | _aTHERMAL INSULATION | ||
| 650 | _aU VALUES | ||
| 690 | _aBUILDING AND CONSTRUCTION-REGULATIONS | ||
| 942 | _n0 | ||
| 948 | _c04/03/1997 | ||
| 999 |
_c23561 _d23561 |
||